| 000 | 01170cam a22003377a 4500 | ||
|---|---|---|---|
| 003 | CHAP | ||
| 005 | 20220817042210.0 | ||
| 008 | 971013s1982 r 00010 d | ||
| 010 | _a37406 | ||
| 011 | _a38378 | ||
| 035 | _a42498 | ||
| 040 | _cCHAP | ||
| 090 | _aFolleto 7640 | ||
| 100 | 0 | 0 |
_aMeyers, L. Richard. _975305 |
| 245 | 1 | 2 | _aA sociological approach to farming systems in Kenya |
| 260 |
_aIthaca, New York : _bNew York State College of Agriculture and Life Sciences, _c1982 |
||
| 300 | _a119 p | ||
| 490 | 0 |
_aCornell international agriculture mimeograph _v; 94 |
|
| 590 |
_aBATCH-UPD _b10 _c20130110 _lUCH01 _h0331 |
||
| 590 |
_aBATCH-UPD _b10 _c20130110 _lUCH01 _h2237 |
||
| 590 |
_aBATCH-UPD _b10 _c20130410 _lUCH01 _h0004 |
||
| 590 |
_aBATCH-UPD _b10 _c20130410 _lUCH01 _h1532 |
||
| 590 |
_aBATCH-UPD _b10 _c20130914 _lUCH01 _h1049 |
||
| 590 |
_aCONVERSION _b10 _c20130109 _lUCH01 _h1321 |
||
| 650 | 1 | 4 |
_aAgricultura _xAspectos economicos _xKenia. _91265 |
| 650 | 1 | 4 |
_aCrédito agrícola _xKenya. _929063 |
| 830 | 0 |
_aCornell international agriculture mimeograph _v; 94 |
|
| 901 | _aBK | ||
| 942 | _cFOLL | ||
| 949 |
_aFolleto 7640 _bBC _cFOLL _d-97865 _eTS1 _i42498 _si |
||
| 999 |
_c37406 _d37406 |
||